Selby family notes : (Record no. 16551)

MARC details
000 -LEADER
fixed length control field 00941cam a22002411a 4500
001 - CONTROL NUMBER
control field ca 29000690
003 - CONTROL NUMBER IDENTIFIER
control field DLC
005 - DATE AND TIME OF LATEST TRANSACTION
control field 20260227111122.0
008 - FIXED-LENGTH DATA ELEMENTS--GENERAL INFORMATION
fixed length control field 860918s1929 ilu 000 0 eng
010 ## - LIBRARY OF CONGRESS CONTROL NUMBER
LC control number ca 29000690
035 ## - SYSTEM CONTROL NUMBER
System control number (OCoLC)14234049
040 ## - CATALOGING SOURCE
Original cataloging agency DLC
Transcribing agency WHi
Modifying agency DLC
042 ## - AUTHENTICATION CODE
Authentication code premarc
050 00 - LIBRARY OF CONGRESS CALL NUMBER
Classification number CS71.S457
Item number 1929
100 1# - MAIN ENTRY--PERSONAL NAME
Personal name Stewart, Charles Leslie,
Dates associated with a name 1890-
245 10 - TITLE STATEMENT
Title Selby family notes :
Remainder of title some materials for the 1929 reunion of families having members descended from Martha Damarias Selby Brooks and from Josias Wright Brooks /
Statement of responsibility, etc. edited by Charles L. Stewart.
260 ## - PUBLICATION, DISTRIBUTION, ETC.
Place of publication, distribution, etc. Bement, Ill. :
Name of publisher, distributor, etc. Distributed by S.A. Clark,
Date of publication, distribution, etc. 1929.
300 ## - PHYSICAL DESCRIPTION
Extent [1], 14 l. ;
Dimensions 28 cm.
500 ## - GENERAL NOTE
General note Type-written.
500 ## - GENERAL NOTE
General note "The body of this publication, the ... Genealogy of the Selbys and historical data, is a legacy of the Hon. Thomas Henry Selby ..."
600 30 - SUBJECT ADDED ENTRY--PERSONAL NAME
Personal name Selby family.
600 10 - SUBJECT ADDED ENTRY--PERSONAL NAME
Personal name Selby, Thomas Henry,
Dates associated with a name 1820-1875.

No items available.

Powered by Koha